000 00759nam a2200253 a 4500
001 62998
003 BD-RjUL
005 20211209081141.0
008 170126s1971 nyu b 000 0 eng d
035 _a(BD-RjUL)63126
040 _aBD-RjUL
_cBD-RjUL
_dBD-RjUL
_beng
041 _aeng
082 0 0 _a812.5408
_223
_bBLA 1971
245 1 0 _aBlack scenes /
_cAlice Childress
260 _aGarden City, N.Y. :
_bZenith Books,
_c1971.
300 _axi, 154 p. ;
_c22 cm.
490 0 _aZenith anthologies
504 _aBibliography: p. [153]-154.
650 0 _aAmerican drama
_xAfrican American authors.
_9187387
650 0 _aAfrican Americans
_vDrama.
_9187388
700 1 _aChildress, Alice,
_9187389
830 _aZenith anthologies
_9187390
942 _2ddc
_cBK
999 _c62998
_d62998